Situace tuberkulózy ve Spolkové republice Německo

Podrobná bibliografia
Hlavní autori: Daňková, Dana (Autor), Trnka, Luděk, 1925-2016 (Autor)
Médium: Článok
Jazyk:slovenčina
čeština
ISSN:0371-2222
Predmet:

MARC

LEADER 00000nab a2200000 a 4500
001 vtls000753538
003 SK-MaSNL
005 20260304174817.0
008 250429c2000 xo 0 slo
015 |a SNBRB2001/03-08357 
035 |a CLN000105325 
035 |a urn:nbn:sk:snk-ab359l 
035 |a (urnnbn)urn:nbn:sk:snk:ar-a065nz 
035 |a (uuid)c3f1a9e0-6308-4145-91aa-b83b4b7486a9 
040 |a SNKBUCL  |b slo  |c SNKBUCL  |e AACR2 
041 0 |a cze 
044 |a xo  |c SK 
080 |a 616-002.5(430)  |2 1997 
080 |a 616.24-002.5(430)  |2 1997 
100 1 |a Daňková, Dana  |4 aut  |9 991202 
245 1 0 |a Situace tuberkulózy ve Spolkové republice Německo  |c Dana Daňková, Luděk Trnka 
650 0 7 |a tuberkulóza  |z Nemecko  |2 snkbucl  |9 1506552 
650 0 7 |a pľúcna tuberkulóza  |2 snkbucl  |9 21958 
655 7 |a články z novín a časopisov  |2 snkbucl  |9 267496 
700 1 |a Trnka, Luděk,  |d 1925-2016  |4 aut  |9 210541 
773 0 |t Studia pneumologica et phthiseologica  |g Roč. 60, č. 5 (2000), s. 223  |x 0371-2222 
850 |a Slovenská národná knižnica 
852 |a Slovenská národná knižnica 
958 |a article27 
958 |a MI 
958 |a DE 
958 |a OND 
958 |a EUIPO 
999 |c 3010513  |d 3012443